000 00835nam a2200205Ia 4500
999 _c36151
_d36151
001 2053
003 GE_BSU
005 20190507144246.0
008 181216s1974||||ge |||||||||||||| ||geo||
040 _cGE_BSU
041 _ageo
080 _a37.01 ჯ–42
100 _aჯიბლაძე, გიორგი
_9881
245 _aპედაგოგიკა და მეთოდიკა :
_bწერილები, მემორიალი /
_cგიორგი ჯიბლაძე ; რედ.: გ. საყვარელიძე
264 _aთბილისი :
_bგანათლება,
_c1974.
300 _a496 გვ.;
_b1ფ. პორტრ.
653 _aპედაგოგიკა
700 _aსაყვარელიძე, გ
_eრედაქტორი
_9882
942 _cBK
_2udc